Bibliotheca historica selecta in svas classes distributa cvivs primas lineas dvxit B. Burc. Gotthelfius strvvivs emendavit et copiose locupletavit Christian Gottlieb Bvder

Detalles Bibliográficos
Autor principal: Gotthelfius Struvius, Burc. B.
Formato: Libro
Lenguaje:Undetermined
Latin
Publicado: Ienae : sumpt. Christ. Henr. Cunonis, 1740.
Materias:
Colección:Banco de datos
Acervo:Biblioteca Palafoxiana. Colección bibliográfica
Descripción Física:t. ; 4°
Tema general:Historia civil - Enciclopedias
Notas:Incluye frontispicio. Número de localización: t.1 (20352) ; t.2 (20353)
LEADER 00707nam a2200169Ia 4500
008 150723s9999 xx 000 0 und d
041 0 |a lat 
050 0 |a PAFX D20 G6 
100 1 |a Gotthelfius Struvius, Burc. B. 
245 1 0 |a Bibliotheca historica selecta in svas classes distributa cvivs primas lineas dvxit B. Burc. Gotthelfius strvvivs emendavit et copiose locupletavit Christian Gottlieb Bvder 
260 |a Ienae : sumpt. Christ. Henr. Cunonis, 1740. 
300 |a t. ; 4° 
500 |a Incluye frontispicio. Número de localización: t.1 (20352) ; t.2 (20353) 
650 1 0 |a Historia civil - Enciclopedias 
942 |c PALALIB 
943 |g Biblioteca Palafoxiana. Colección bibliográfica 
999 |c 1050112  |d 1050112